000 00314nam a22001337a 4500
008 170815b xxu||||| |||| 00| 0 eng d
020 _a9798177584249
041 _aeng
080 _25TH
_a51
100 _a36
101 _aMAT
245 _aDISCRETE AND COMBINATORIAL MATHEMATICS
_cGRIMALDI,R.P
942 _2udc
_cBK
999 _c23579
_d23579